000 00759nam a22001817a 4500
999 _c63773
_d63773
003 Ge_BSU
005 20260112181415.0
008 260112s1962 ge ||||| |||| 00| 0 geo d
041 _ageo
080 _a330.1(075) ნ-62
100 _aნიკიტინი, პ.
_926649
245 _aპოლიტიკური ეკონომია :
_bპოპულარული სახელმძღვანელო /
_cპ. ნიკიტინი.
264 _aთბ. :
_bსაქ. კპ ცკ-ს გამ-ბა,
_c1962.
300 _a434 გვ. ;
_b21 სმ.
504 _aბიბლიოგრ. შენიშვნებში.
653 _aპოლიტიკური ეკონომია
942 _2udc
_cᲬᲘᲒᲜᲘ